La eneida / (Registro nro. 10966)

Detalles MARC
000 -LEADER
fixed length control field 00984nam a2200313 a 4500
001 - CONTROL NUMBER
control field 000033737
003 - CONTROL NUMBER IDENTIFIER
control field DO-SdBNP
005 - DATE AND TIME OF LATEST TRANSACTION
control field 20180124094642.0
007 - PHYSICAL DESCRIPTION FIXED FIELD--GENERAL INFORMATION
fixed length control field 000033737
008 - FIXED-LENGTH DATA ELEMENTS--GENERAL INFORMATION
fixed length control field 110907s 1990 pe 000 0 spa d
020 ## - INTERNATIONAL STANDARD BOOK NUMBER
International Standard Book Number 9978800671
040 ## - CATALOGING SOURCE
Original cataloging agency BPMSU
Language of cataloging spa
Transcribing agency BPMSU
092 ## - LOCALLY ASSIGNED DEWEY CALL NUMBER (OCLC)
Classification number xxxxx
Item number xxxxx
100 1# - MAIN ENTRY--PERSONAL NAME
Personal name Virgilio,
Dates associated with a name 70-19 a. de J. C.
245 13 - TITLE STATEMENT
Title La eneida /
Statement of responsibility, etc. Publio Virgilio Marón ; estudio introductorio de Juan Ignacio Vara Herrero
260 ## - PUBLICATION, DISTRIBUTION, ETC. (IMPRINT)
Place of publication, distribution, etc. Quito, Ecuador :
Name of publisher, distributor, etc. Libresa,
Date of publication, distribution, etc. 1990.
300 ## - PHYSICAL DESCRIPTION
Extent 314 p. ;
Dimensions 21 cm.
490 1# - SERIES STATEMENT
Series statement Antares
Volume/sequential designation 29
650 ## - SUBJECT ADDED ENTRY--TOPICAL TERM
Source of heading or term POESÍA ÉPICA LATINA
700 1# - ADDED ENTRY--PERSONAL NAME
Personal name Vara Herrero, Juan
830 #0 - SERIES ADDED ENTRY--UNIFORM TITLE
Name of part/section of a work Antares
Volume number/sequential designation 29
930 #1 - EQUIVALENCE OR CROSS-REFERENCE-UNIFORM TITLE HEADING [LOCAL, CANADA]
Language of a work BND01
Medium of performance for music LF1
Field link and sequence number 20110907
Date of a work 01
Name of part/section of a work CT
Miscellaneous information 29609
930 #1 - EQUIVALENCE OR CROSS-REFERENCE-UNIFORM TITLE HEADING [LOCAL, CANADA]
Language of a work BND01
Medium of performance for music LF1
Field link and sequence number 20130724
Date of a work 01
Name of part/section of a work CT
Miscellaneous information 29609
Medium e.2
942 ## - ADDED ENTRY ELEMENTS (KOHA)
Source of classification or shelving scheme Dewey Decimal Classification
Koha item type Libros
945 ## - LOCAL PROCESSING INFORMATION (OCLC)
a Inventariado, 2018 /LP
956 ## - LOCAL ELECTRONIC LOCATION AND ACCESS (OCLC)
Host name GREYES
Access number 10
Compression information 20110907
Logon BND01
Processor of request 1517
956 ## - LOCAL ELECTRONIC LOCATION AND ACCESS (OCLC)
Host name MGARCIA
Access number 10
Compression information 20130724
Logon BND01
Processor of request 1349
956 ## - LOCAL ELECTRONIC LOCATION AND ACCESS (OCLC)
Host name VMATEO
Access number 10
Compression information 20150918
Logon BPMSU
Processor of request 00151
Existencias
Withdrawn status Lost status Source of classification or shelving scheme Damaged status Not for loan Collection code Home library Current library Date acquired Source of acquisition Total Checkouts Barcode Date last seen Price effective from Koha item type
    Dewey Decimal Classification     Colección General Biblioteca Pública Metropolitana Salomé Ureña Biblioteca Pública Metropolitana Salomé Ureña 01/24/2018 Donación   BPMSU18010040 01/24/2018 01/24/2018 Libros